Plan de acción para la incorporación de consideraciones de Biodiversidad en la política sectorial de transporte (Registro nro. 5996)

Detalles MARC
000 -CABECERA
Campo de control 01466nam a2200229 a 4500
090 ## - CLASIFICACIÓN LOCAL
Colección IAVH
Consecutivo 00765 CD-1
041 ## - IDIOMA
Código de idioma para texto/pista de sonido o título separado Español
100 ## - ASIENTO PRINCIPAL--NOMBRE PERSONAL
Nombre personal Camacho Rojas, Adisedit
245 ## - MENCION DE TITULO
Título Plan de acción para la incorporación de consideraciones de Biodiversidad en la política sectorial de transporte
260 ## - PUBLICACION, DISTRIBUCION, ETC. (PIE DE IMPRENTA)
Lugar de publicación, distribución, etc. Bogotá
Nombre del editor, distribuidor, etc. Instituto Alexander von Humboldt
Fecha de publicación, distribución, etc. 2005
300 ## - DESCRIPCION FISICA
Extensión 144 p.
520 ## - NOTA DE RESUMEN, ETC.
Nota de resumen Se analiza la formulación de políticas en sectores productivos y el impacto positivo o negativo de su implementación sobre la biodiversidad colombiana. En el documento se presenta un diagnóstico seguido de una propuesta de uso de una metodología de medición que puede ser aplicada al sector teniendo en cuenta que la biodiversidad no es un mercado en el sentido económico estricto. Se analiza el contexto económico internacional en el cual se encuentra inmerso el devenir político y económico del país. Finalmente, se presenta la propuesta de Plan de Acción con algunos instrumentos, actores involucrados y recomendaciones para su puesta en marcha.
650 ## - ASIENTO SECUNDARIO DE MATERIA - TERMINO TEMATICO
Término temático o nombre geográfico como elemento de entrada Biodiversidad
650 ## - ASIENTO SECUNDARIO DE MATERIA - TERMINO TEMATICO
Término temático o nombre geográfico como elemento de entrada Sector Transporte
650 ## - ASIENTO SECUNDARIO DE MATERIA - TERMINO TEMATICO
Término temático o nombre geográfico como elemento de entrada Política Sectorial
650 ## - ASIENTO SECUNDARIO DE MATERIA - TERMINO TEMATICO
Término temático o nombre geográfico como elemento de entrada Desarrollo Sostenible
650 ## - ASIENTO SECUNDARIO DE MATERIA - TERMINO TEMATICO
Término temático o nombre geográfico como elemento de entrada Planes de Acción
650 ## - ASIENTO SECUNDARIO DE MATERIA - TERMINO TEMATICO
Término temático o nombre geográfico como elemento de entrada Legislación
662 ## - ASIENTO SECUNDARIO DE MATERIA - JERARQUIA DEL NOMBRE DE LUGAR(
País o entidad mayor Colombia
Jurisdicción política intermedia Andes
773 0# - Item fuente:
Host Biblionumber 5986
Host Itemnumber 9704
Asiento principal
Edición
Lugar, editorial y fecha de publicación Bogotá Informatica documental 2007
Otro identificador del ítem - Codigo de Barras 024802
Título Informes de investigaciones IAVH en PDF
Número de control del registro
Número Internacional Normalizado para Publicaciones Seriadas - ISSN
Número Internacional Normalizado para Libros - ISBN
945 ## - PROCESAMIENTO LOCAL
AAAA-MM-DD - Fecha de ingreso o modificacion 2007-07-31

No hay ítems disponibles.